000 02083nam a2200217Ia 4500
999 _c23157
_d23157
003 OSt
005 20201230160448.0
008 160316s2009 xxu||||| |||| 00| 0 eng d
020 _a9780199291755
040 _cNLS
082 _a340.900000
_bVOG-1
100 _aVogenauer Stefan
245 _aCommentary on the UNIDROIT Principles of International Commercial Contracts
260 _aOxford
_bOxford University Press
_c2009
300 _a1319p
_cccxxx
365 _bRs. 11,288
505 _aCONTENTS SUMMERY Preface (Vogenauer and Kleinheisterkamp) vii; List of contributors (Vogenauer) xxi; Abbreviations (Vogenauer) xxiii; Table of transnational instruments (Vogenauer) xxxix; Table of national instruments (Vogenauer) lxvii; Table of cases (Vogenauer) Ixxix; NIDROIT Principles of International Commercial Contracts (2004)—Full text in all official language versions (Vogenauer) cxxiii; Generalbibliography(Vogenauer) ccxxx; INTRODUCTION (Vogenauer) 1; PREAMBLE I: PURPOSES, LEGAL NATURE, AND SCOPE OF THE PICC; APPLICABILITY BY COURTS; USE OF THE PICC FOR THE PURPOSE OF INTERPRETATION AND SUPPLEMENTATION AND AS A MODEL (Michaels) 21; PREAMBLE II: THE USE OF THE PICC IN ARBITRATION (Scherer) 81; CHAPTER 1: GENERAL PROVISIONS 111; CHAPTER 2: FORMATION AND AUTHORITY OF AGENTS 215; CHAPTER 3: VALIDITY 397; CHAPTER 4: INTERPRETATION 491; CHAPTER 5: CONTENT AND THIRD PARTY RIGHTS 540; CHAPTER 6: PERFORMANCE 611; CHAPTER 7: NON-PERFORMANCE 726; CHAPTER 8: SET-OFF 927; CHAPTER 9: ASSIGNMENT OF RIGHTS, TRANSFER OF OBLIGATIONS, ASSIGNMENT OF CONTRACTS 968; CHAPTER 10: LIMITATION PERIODS 1051; APPENDIX I: SYNOPSIS OF INSTRUMENTS: UNIDROIT PRINCIPLES OF INTERNATIONAL COMMERCIAL CONTRACTS (2004), INTERNATIONAL UNIFORM LAW CONVENTIONS, AND PRINCIPLES OF EUROPEAN CONTRACT LAW (Vogenauer) 1091; APPENDIX II: BIBLIOGRAPHY (Vogenauer) 1201; Index.
650 _a1. Conflict Of Laws - Contracts2. Contracts - International Law3. Civil Law - International Unification
700 _aKleinheisterkamp Jan
_a
942 _2ddc
_cBK